000 00513cam a2200205 4500
001 3605088
005 20180222083318.0
008 720810r19721966nju 000 0 eng
010 _a 72007120
040 _aDLC
_cDLC
_dDLC
041 _aeng
043 _an-us---
080 _a330.973092 FRI
082 0 0 _a330.973092 FRI
100 1 _a52
101 _aEKO
245 1 3 _aAn economist's protest:
906 _a7
_bcbc
_corignew
_d1
_eocip
_f19
_gy-gencatlg
942 _2ddc
_cBK
999 _c43214
_d43214